[Event "Maria Albulet Memorial 2018"]
[Site "Braila"]
[Date "2018.11.04"]
[Round "3"]
[White "Babiy, Olga"]
[Black "Didiliuc, Dariana-Gabriela"]
[Result "1-0"]
[WhiteElo "2314"]
[BlackElo "1784"]
[Annotator "TA"]
[PlyCount "131"]
[EventDate "2018.11.03"]
[EventType "swiss"]
[EventCountry "ROU"]
[SourceTitle "playchess.com"]
[Source "ChessBase"]
[SourceQuality "1"]

{[%evp 30,131,67,37,41,21,130,122,156,153,191,118,120,110,125,91,106,87,90,81,129,83,104,106,119,128,148,144,134,132,136,128,136,135,147,130,139,142,211,190,223,218,221,224,197,193,249,248,260,251,241,229,279,291,284,264,267,272,266,241,240,219,280,225,213,213,227,222,268,262,254,251,289,202,263,231,197,97,114,77,77,37,270,254,266,265,258,258,219,239,399,372,355,287,608,611,576,564,647,425,543,539,6149,6133]} 1. e4 c5 2. Nf3 Nc6 3. d4 cxd4 4. Nxd4 Nf6 5. Nc3 e5 6. Ndb5 d6 7. Bg5 a6 8. Na3 b5 9. Nd5 Be7 10. Bxf6 Bxf6 11. c3 Ne7 12. Nxf6+ gxf6 13. Bd3 d5 {B33: Sicilian: Pelikan and Sveshnikov Variations} 14. Qe2 Bb7 (14... Be6 15. Nc2 Qb6 16. Ne3 Rd8 17. O-O Rg8 18. Rfd1 dxe4 19. Bxe4 f5 20. Rxd8+ Qxd8 21. Rd1 {½-½ (34) Blomqvist,E (2515)-Krasenkow,M (2612) Cappelle-la-Grande 2016}) 15. O-O-O Qb6 16. exd5 {LiveBook: 6 Games} Bxd5 17. f4 $146 ({Predecessor:} 17. Kb1 Bxg2 18. Rhg1 Bd5 19. f4 Qe6 20. c4 bxc4 21. Bxc4 exf4 {½-½ (31) Ladopoulos,D (2051)-Phadke,S (2211) Kavala 2013}) 17... Qe6 (17... Rg8 $11) 18. Rhe1 $1 $16 O-O 19. fxe5 f5 20. b3 (20. Nc2 $18) 20... Rac8 21. Kb2 Qc6 22. Nb1 Kh8 23. Rd2 Be6 24. g3 Nd5 {[%cal Rd5c3]} 25. Rc2 Qb6 26. Qf2 Qxf2 27. Rxf2 b4 {[%cal Rb4c3]} 28. Rc1 (28. Bxf5 $6 Bxf5 29. Rxf5 bxc3+ 30. Nxc3 Nxc3 $11) 28... bxc3+ 29. Nxc3 Nb4 30. Bb1 Rc5 31. a3 $36 {[%mdl 2048] White is on the roll.} Nc6 32. Ne2 ({But not} 32. Bxf5 $6 Nxe5 33. Ne2 Rb5 $14) 32... Rxc1 33. Nxc1 ({Don't play} 33. Kxc1 Rd8 $14) 33... Ne7 (33... Nxe5 $16 34. Nd3 (34. Bxf5 Re8 $16) 34... Ng4) 34. Bd3 a5 35. Rc2 $1 Ra8 36. Rc5 Kg7 37. Ne2 Nd5 (37... h5 $142 38. Nf4 h4) 38. Nd4 $18 Ne3 39. Rc7 Kg6 40. Rc6 Rd8 41. Nxe6 fxe6 42. Rxe6+ {[%mdl 4096] Endgame KRB-KRN} Kg5 43. Rd6 Re8 44. e6 Kf6 45. Rd7 h6 46. Rh7 Kxe6 47. Rxh6+ Ke5 48. Kc3 Rd8 49. Ra6 Rd5 50. Be2 Rc5+ 51. Kd2 Nc2 52. a4 Nb4 53. Rb6 (53. Ra8 $18 {and White stays clearly on top.}) 53... Rc2+ $16 54. Ke1 {aiming for Rb5+.} Rb2 55. Bc4 {Threatens to win with Re6+.} Nc2+ $2 ({Black should try} 55... Rxh2 $14 56. Re6+ Kd4) 56. Kd2 Nb4+ 57. Ke3 $1 {[%csl Gc4][%cal Rb6e6]} Nc2+ {[#]} 58. Ke2 $1 Nd4+ {[#]} 59. Kd3 $1 Rb1 $2 (59... Rf2 {might work better.} 60. Rb8 Rf3+ 61. Kd2 f4 62. gxf4+ Kxf4 63. Rf8+ Ke5 64. Rxf3 Nxf3+ 65. Ke3 Nd4) 60. Ra6 $18 Rd1+ 61. Kc3 Rc1+ $2 (61... Ke4 62. Rxa5 Rc1+ 63. Kb2 Rc2+ 64. Ka3 Rxh2 65. Bd5+ Kd3) 62. Kd2 {White is clearly winning.} Rg1 63. Rxa5+ Ke4 {Now ...Rg2+ and Black clings on.} 64. Bd5+ Ke5 65. b4 Rb1 66. Ba2+ {Precision: White = 60%, Black = 45%.} 1-0

[Event "Maria Albulet Memorial 2018"]
[Site "Braila"]
[Date "2018.11.04"]
[Round "3"]
[White "Rakhmangulova, Anastasiya"]
[Black "Petrenko, Svetlana"]
[Result "1-0"]
[WhiteElo "2210"]
[BlackElo "2130"]
[Annotator "TA"]
[PlyCount "104"]
[EventDate "2018.11.03"]
[EventType "swiss"]
[EventCountry "ROU"]
[SourceTitle "playchess.com"]
[Source "ChessBase"]
[SourceQuality "1"]

{[%evp 25,104,113,108,106,114,0,41,0,0,0,14,-4,82,77,101,100,108,106,412,404,402,400,491,495,670,675,690,688,638,500,510,413,491,418,422,346,548,285,296,215,189,134,529,509,597,538,935,894,853,518,602,589,563,215,674,485,429,309,298,286,389,377,426,409,402,299,279,264,244,230,263,230,260,227,419,420,1236,1246,6989,6045,1622]} 1. e4 c5 2. Nf3 d6 3. d4 cxd4 4. Nxd4 Nf6 5. Nc3 a6 6. Bg5 e6 7. f4 Be7 8. Qf3 Qc7 9. O-O-O Nbd7 10. g4 b5 11. Bxf6 gxf6 12. f5 Ne5 13. Qh3 b4 14. Nce2 {B99: Sicilian Najdorf: 6 Bg5 e6 7 f4 Be7 8 Qf3 Qc7 9 0-0-0 Nbd7} exf5 15. exf5 ({White should try} 15. Nxf5 $16 Bb7 16. Ned4) 15... Bb7 $14 16. Bg2 {White is slightly better.} d5 17. Nf4 O-O-O $1 18. Nb3 (18. Qb3 {looks sharper.} Qc5 19. Rhe1 Nxg4 20. Qg3 Ne5 21. Nb3) 18... Nc4 (18... a5 $1 $11) 19. Nxd5 $16 Bxd5 20. Rxd5 Rxd5 21. Bxd5 {[#] And now Qd3 would win.} Nxb2 $2 {[%mdl 8192]} (21... Ne5 $16) 22. Qf1 $146 Kd7 {intending ...Rc8.} 23. Bxf7 (23. Kxb2 Qe5+ 24. Kb1 Qxd5 $16) 23... Na4 24. Qxa6 Qf4+ 25. Kb1 Nc3+ 26. Kb2 {[#] Intending Be6+ and mate.} Rb8 27. Re1 {Threatening mate with Qe6+.} Qc7 28. Qe6+ Kd8 29. Nd4 Rb6 30. Qe3 Qd6 (30... Qd7 {was called for.} 31. Bb3 Bc5) 31. Bb3 Rb7 32. Ne6+ Kc8 33. Qh6 ({Better is} 33. Nf4 $18) 33... Bd8 $2 {[%mdl 8192]} (33... Rd7 $16 34. Qf4 (34. Qxh7 $2 Qd2 $19) 34... Nd1+ 35. Kc1 Nc3) 34. Nxd8 Qxd8 35. Qf4 Qc7 36. Qxc7+ Rxc7 {[%mdl 4096] Endgame KRB-KRN} 37. Re6 Nd1+ 38. Kc1 Nf2 39. Re8+ $2 (39. g5 Nd3+ 40. Kb1) 39... Kb7 $2 (39... Kd7 40. Re6 Nxg4) 40. Bd5+ Kb6 41. Re6+ Kc5 42. Bf3 Rf7 43. h4 Nh3 44. Kb2 h6 45. Re8 Ra7 46. Rh8 Ra3 47. Be2 ({And not} 47. Rxh6 Rxf3 48. Rxf6 Nf2 $11) 47... Re3 48. Ba6 ({Not} 48. Rxh6 Rxe2 49. Rxf6 Nf2 $11) 48... Nf2 49. Rxh6 {Strongly threatening g5.} Ne4 $2 (49... Nxg4 {keeps fighting.} 50. Rg6 Nf2 51. Rxf6 Nd1+ 52. Kc1 Nc3) 50. Rh8 Re1 (50... Rg3 $142 51. Rc8+ Kd6) 51. Re8 Kd4 52. Bd3 Kd5 {Precision: White = 54%, Black = 35%.} 1-0

[Event "Maria Albulet Memorial 2018"]
[Site "Braila"]
[Date "2018.11.04"]
[Round "3"]
[White "Makropoulou, Marina"]
[Black "Terbe, Zsuzsanna"]
[Result "1/2-1/2"]
[WhiteElo "2110"]
[BlackElo "2215"]
[Annotator "TA"]
[PlyCount "87"]
[EventDate "2018.11.03"]
[EventType "swiss"]
[EventCountry "ROU"]
[SourceTitle "playchess.com"]
[Source "ChessBase"]
[SourceQuality "1"]

{[%evp 23,87,19,27,23,27,-54,-50,-64,-58,-41,0,13,3,11,23,14,24,31,38,18,35,33,76,14,113,107,109,91,108,87,114,79,119,85,270,283,274,319,388,376,380,377,376,197,552,566,465,381,459,463,442,336,547,537,540,537,526,101,151,0,510,0,179,0,502,0]} 1. e4 e5 2. Nf3 Nc6 3. Nc3 Nf6 4. Bb5 Bc5 5. O-O O-O 6. Nxe5 Nxe5 7. d4 Bd6 8. f4 Nc6 {C48: Vierspringerspiel (Rubinstein-Variante)} (8... Neg4 9. e5 Bb4 10. f5 Re8 11. Nd5 Nxe5 12. Nxb4 Nc6 13. a3 a6 14. Bd3 a5 15. Nxc6 dxc6 16. c3 {½-½ (30) Kovalev,V (2664)-Aronian,L (2780) Batumi 2018}) 9. e5 Bb4 10. exf6 Qxf6 11. Be3 Bxc3 12. bxc3 d5 {LiveBook: 6 Partien} 13. Qf3 Ne7 14. g4 $146 (14. Rae1 $11) ({Vorgänger:} 14. Bd3 Bf5 15. Rae1 {1-0 (41) Poetsch,H (2484)-Banusz,T (2618) Karlsruhe 2018}) 14... Qg6 $15 15. Be2 Bf5 16. Qg3 Be4 ({Besser ist} 16... Rae8 $15) 17. f5 $11 Qc6 $1 18. Bf4 f6 19. Rab1 {Droht stark Lb5.} a6 20. Bxc7 {Und weiter mit Tb6 wäre nett.} Nc8 21. Rbe1 b5 22. Ba5 $36 {[%mdl 2048] Schwarz steht unter Druck.} Nd6 23. Bd3 (23. Bb4 $16 Rad8 24. Bd3) 23... Rac8 (23... Rfe8 $11 {hält das Gleichgewicht.}) 24. Bb4 $16 Rfd8 25. Qf4 h6 26. Rf2 {[%cal Bf1f2,Bf2e2,Be2h2][%mdl 32]} Rd7 27. Rfe2 Kh7 28. h4 Qb6 $2 (28... Kg8 $16) 29. g5 $1 $18 fxg5 30. hxg5 hxg5 31. Qxg5 Nf7 32. Rh2+ Kg8 33. Qh4 (33. Qf4 $142) 33... Nh6 $2 (33... Qh6 {leistet mehr Widerstand.} 34. Bxe4 Qxh4 35. Rxh4 dxe4) 34. Bxe4 dxe4 35. Qxe4 Qc7 36. Qe6+ Rf7 37. f6 {Droht fxg7 und aus.} Kh7 $2 (37... Qc6 {war einen Versuch wert.} 38. fxg7 Qxe6 39. Rxe6 Rxg7+ 40. Kf1 Nf5) 38. Be7 Qxc3 39. Qe4+ Kg8 {Jetzt ...Sf5 und Schwarz darf weiter klammern.} 40. Re3 $2 (40. Kh1 $18) 40... Qa1+ $16 41. Re1 $2 (41. Kf2 $1 $16 {Beabsichtigt Txh6! und Matt.} Qc1 42. Re2) 41... Qc3 $18 {Schwarz hofft, mit ...Sf5 fortzusetzen.} 42. Re3 $2 (42. Kh1 Qc6 43. d5) 42... Qa1+ $1 {[#]} 43. Re1 $2 (43. Kf2 $1 {Weiss will mit Txh6! Matt setzen.} Qc1 44. Re2) 43... Qc3 {und die Idee ...Sf5 ließe Schwarz weiter hoffen.} 44. Re3 $2 {Precision: Weiß = 44%, Schwarz = 40%.} (44. Kh1 $18 Rc6 {[#]} 45. Bb4 $1 {[%mdl 512]} Qxe1+ 46. Bxe1 Rcxf6 47. Bg3) 1/2-1/2

[Event "Maria Albulet Memorial 2018"]
[Site "Braila"]
[Date "2018.11.04"]
[Round "3"]
[White "Ciolacu, Alessia-Mihaela"]
[Black "Hrib, Andrada-Ioana"]
[Result "1-0"]
[WhiteElo "1972"]
[BlackElo "1770"]
[Annotator "NA RC"]
[PlyCount "126"]
[EventDate "2018.11.03"]
[EventType "swiss"]
[EventCountry "ROU"]
[SourceTitle "playchess.com"]
[Source "ChessBase"]
[SourceQuality "1"]
[TimeControl "40/5400+30:900+30"]

1. d4 {[%emt 0:00:00]} d5 {[%emt 0:00:00]} 2. c4 {[%emt 0:00:00]} e6 {[%emt 0:00:00]} 3. Nc3 {[%emt 0:00:11]} Nf6 {[%emt 0:00:00]} 4. Bg5 {[%emt 0:00:14]} Be7 {[%emt 0:00:00]} 5. e3 {[%emt 0:00:20]} h6 {[%emt 0:00:00]} 6. Bxf6 {[%emt 0:00:25]} Bxf6 {[%emt 0:00:15]} 7. Nf3 {[%emt 0:00:07]} O-O {[%emt 0:01:13]} 8. Rc1 {[%emt 0:00:18]} c6 {[%emt 0:01:52]} 9. Bd3 {[%emt 0:00:36]} Nd7 {[%emt 0:02:44]} 10. O-O {[%emt 0:00:31]} g6 {[%emt 0:11:32]} 11. Qc2 {[%emt 0:02:47]} Bg7 {[%emt 0:02:28]} 12. Rfd1 {[%emt 0:01:39]} Qe7 {[%emt 0:05:44]} 13. a3 {[%emt 0:06:49]} dxc4 {[%emt 0:14:38]} 14. Bxc4 {[%emt 0:00:07]} Nb6 {[%emt 0:00:04]} 15. Ba2 {[%emt 0:00:56]} Rd8 {[%emt 0:01:44]} 16. Ne4 {[%emt 0:02:06]} Nd5 {[%emt 0:03:46]} 17. Nc5 {[%emt 0:01:34]} b6 {[%emt 0:01:21]} 18. Nd3 {[%emt 0:03:08]} Bb7 {[%emt 0:01:18]} 19. Nde5 {[%emt 0:01:31]} Rdc8 {[%emt 0:02:31]} 20. Qa4 {[%emt 0:09:15]} c5 {[%emt 0:09:22]} 21. dxc5 {[%emt 0:11:39]} bxc5 {[%emt 0:00:01]} 22. Rd2 {[%emt 0:05:49]} Nb6 {[%emt 0:10:04]} 23. Qc2 {[%emt 0:03:22]} Rc7 {[%emt 0:12:17]} 24. Rcd1 {[%emt 0:01:47]} Nd5 {[%emt 0:01:37]} 25. Bc4 {[%emt 0:09:22]} Rb8 {[%emt 0:12:11]} 26. Qd3 {[%emt 0:12:56]} Ba8 {[%emt 0:01:19]} 27. Qe2 {[%emt 0:02:22]} Kh7 {[%emt 0:01:26]} 28. Bd3 {[%emt 0:04:43]} Rbc8 {[%emt 0:01:34]} 29. Rc2 {[%emt 0:02:54]} Bb7 {[%emt 0:02:36]} 30. Ba6 {[%emt 0:00:50]} Bxa6 {[%emt 0:00:45]} 31. Qxa6 {[%emt 0:00:02]} Bxe5 {[%emt 0:00:24]} 32. Nxe5 {[%emt 0:00:06]} Qf6 {[%emt 0:00:38]} 33. Nc4 {[%emt 0:01:57]} Qe7 {[%emt 0:00:15]} 34. Rcd2 {[%emt 0:01:51]} Rc6 {[%emt 0:00:29]} 35. Qb5 {[%emt 0:00:39]} R6c7 {[%emt 0:00:28]} 36. e4 {[%emt 0:00:30]} Nf6 {[%emt 0:00:01]} 37. Nd6 {[%emt 0:01:52]} Rg8 {[%emt 0:00:33]} 38. e5 {[%emt 0:02:46]} Nd5 {[%emt 0:00:01]} 39. Ne4 {[%emt 0:02:12]} Rgc8 {[%emt 0:01:12]} 40. Qe2 {[%emt 0:00:00]} Rb8 {[%emt 0:00:00]} 41. Rxd5 {[%emt 0:10:22]} exd5 {[%emt 0:00:55]} 42. Nf6+ {[%emt 0:00:11]} Kg7 {[%emt 0:00:34]} 43. Nxd5 {[%emt 0:00:26]} Qd8 {[%emt 0:02:55]} 44. e6 {[%emt 0:02:22]} Rcc8 {[%emt 0:04:22]} 45. Qe5+ {[%emt 0:01:52]} f6 {[%emt 0:00:12]} 46. Qc3 {[%emt 0:00:45]} Rc6 {[%emt 0:02:56]} 47. Ne3 {[%emt 0:03:09]} Rd6 {[%emt 0:00:27]} 48. Nf5+ {[%emt 0:00:24]} gxf5 {[%emt 0:01:13]} 49. Qg3+ {[%emt 0:00:05]} Kf8 {[%emt 0:00:35]} 50. Rxd6 {[%emt 0:00:34]} Qe7 {[%emt 0:03:26]} 51. Qf4 {[%emt 0:03:37]} Rd8 {[%emt 0:02:30]} 52. Qxh6+ {[%emt 0:01:25]} Kg8 {[%emt 0:00:00]} 53. Qg6+ {[%emt 0:00:11]} Kh8 {[%emt 0:01:41]} 54. Qh5+ {[%emt 0:00:11]} Kg7 {[%emt 0:00:37]} 55. Rxd8 {[%emt 0:00:26]} Qxd8 {[%emt 0:00:01]} 56. Qf7+ {[%emt 0:00:07]} Kh6 {[%emt 0:00:20]} 57. Qd7 {[%emt 0:00:05]} Qa5 {[%emt 0:00:21]} 58. Kf1 {[%emt 0:02:11]} Qa6+ {[%emt 0:00:06]} 59. Ke1 {[%emt 0:00:04]} Qc4 {[%emt 0:00:33]} 60. e7 {[%emt 0:00:36]} Qe4+ {[%emt 0:00:23]} 61. Kd2 {[%emt 0:00:25]} Qf4+ {[%emt 0:00:08]} 62. Kc2 {[%emt 0:00:26]} Qe4+ {[%emt 0:00:10]} 63. Kc3 {[%emt 0:00:51]} Qe5+ {[%emt 0:00:13]} 1-0

[Event "Maria Albulet Memorial 2018"]
[Site "Braila"]
[Date "2018.11.04"]
[Round "3"]
[White "Nistor, Valentina"]
[Black "Maria, Lia-Alexandra"]
[Result "1-0"]
[WhiteElo "1881"]
[BlackElo "1479"]
[Annotator "NA RC"]
[PlyCount "59"]
[EventDate "2018.11.03"]
[EventType "swiss"]
[EventCountry "ROU"]
[SourceTitle "playchess.com"]
[Source "ChessBase"]
[SourceQuality "1"]
[TimeControl "40/5400+30:900+30"]

1. e4 {[%emt 0:00:00]} c5 {[%emt 0:00:00]} 2. Nf3 {[%emt 0:00:00]} e6 {[%emt 0:00:00]} 3. d4 {[%emt 0:00:00]} cxd4 {[%emt 0:00:00]} 4. Nxd4 {[%emt 0:00:00]} a6 {[%emt 0:00:00]} 5. c4 {[%emt 0:00:00]} Nf6 {[%emt 0:00:30]} 6. Nc3 {[%emt 0:00:26]} Qc7 {[%emt 0:00:08]} 7. a3 {[%emt 0:00:18]} d6 {[%emt 0:00:09]} 8. Be3 {[%emt 0:00:49]} Nbd7 {[%emt 0:00:07]} 9. Be2 {[%emt 0:00:34]} Be7 {[%emt 0:00:07]} 10. O-O {[%emt 0:00:16]} O-O {[%emt 0:00:03]} 11. Rc1 {[%emt 0:01:09]} b6 {[%emt 0:00:03]} 12. f3 {[%emt 0:01:57]} Bb7 {[%emt 0:00:18]} 13. b4 {[%emt 0:01:04]} Rac8 {[%emt 0:00:51]} 14. Qe1 {[%emt 0:03:09]} Qb8 {[%emt 0:01:37]} 15. Qg3 {[%emt 0:03:24]} Rfe8 {[%emt 0:01:34]} 16. Rfd1 {[%emt 0:08:10]} Nf8 {[%emt 0:01:47]} 17. Bd3 {[%emt 0:01:22]} Bd8 {[%emt 0:02:02]} 18. f4 {[%emt 0:02:21]} Bc7 {[%emt 0:01:52]} 19. Rf1 {[%emt 0:15:06]} Qa8 {[%emt 0:04:07]} 20. Qf3 {[%emt 0:06:29]} Ng6 {[%emt 0:06:51]} 21. Rce1 {[%emt 0:04:16]} e5 {[%emt 0:04:24]} 22. Nf5 {[%emt 0:04:14]} exf4 {[%emt 0:01:22]} 23. Bxf4 {[%emt 0:01:30]} Nxf4 {[%emt 0:02:56]} 24. Qxf4 {[%emt 0:00:07]} Kh8 {[%emt 0:01:31]} 25. Nxg7 {[%emt 0:01:15]} Nxe4 {[%emt 0:03:25]} 26. Nxe8 {[%emt 0:02:11]} Rxe8 {[%emt 0:00:31]} 27. Nxe4 {[%emt 0:00:13]} d5 {[%emt 0:01:09]} 28. Qf6+ {[%emt 0:00:28]} Kg8 {[%emt 0:00:18]} 29. Qxf7+ {[%emt 0:00:14]} Kh8 {[%emt 0:00:06]} 30. Nf6 {[%emt 0:01:43]} 1-0

[Event "Maria Albulet Memorial 2018"]
[Site "Braila"]
[Date "2018.11.04"]
[Round "3"]
[White "Mihailova, Alina"]
[Black "Cosma, Elena-Luminita"]
[Result "1/2-1/2"]
[WhiteElo "1790"]
[BlackElo "2338"]
[Annotator "TA"]
[PlyCount "132"]
[EventDate "2018.11.03"]
[EventType "swiss"]
[EventCountry "ROU"]
[SourceTitle "playchess.com"]
[Source "ChessBase"]
[SourceQuality "1"]

{[%evp 25,132,10,13,2,7,9,6,-12,4,-8,0,-19,-11,-25,-6,-13,-13,-13,-13,-13,-13,-22,-13,-14,-10,-6,0,0,0,0,0,-13,-13,-10,-12,-13,0,-13,0,-12,-12,-12,-8,-34,0,-254,-237,-643,-635,-502,-279,-277,-269,-252,-10,-345,867,-283,-262,-245,-274,-258,-259,-270,-253,-245,-45,-63,-66,-79,-70,-155,-124,-167,237,-20,843,-5,385,352,831,-8,-8,-8,-8,-8,-8,-12,-12,-39,-8,-8,-8,-8,-8,-8,-8,-8,-8,-8,-8,-8,-8,-8,-8,-8,-8,-8,-8]} 1. d4 e6 2. c4 d5 3. Nc3 Nf6 4. cxd5 exd5 5. Bg5 c6 6. e3 Be7 7. Bd3 Nbd7 {[%cal Bb8d7,Bd7b6,Bb6c4][%mdl 32]} 8. Nge2 Nh5 9. Bxe7 Qxe7 10. O-O O-O 11. Qc2 g6 12. Rae1 {D36: Queen's Gambit Declined: Exchange Variation: Main line (5 Bg5 c6 6 Qc2)} (12. Rab1 a5 13. Rbe1 Nb6 14. Nc1 Ng7 15. f3 Bf5 16. e4 dxe4 17. fxe4 Be6 18. Qf2 f5 19. exf5 Nxf5 20. Nb3 Ng7 21. Qe3 Rxf1+ 22. Rxf1 Re8 23. Nc5 Bf5 {½-½ (23) Korobov,A (2711)-Yilmaz,M (2630) Khanty-Mansiysk 2017}) 12... Nb6 13. Nc1 Ng7 {LiveBook: 15 Games} 14. Nb3 Bf5 15. Bxf5 $146 ({Predecessor:} 15. Nc5 Bxd3 16. Qxd3 Rad8 17. b4 Nc8 18. b5 b6 19. Na6 cxb5 20. Qxb5 {0-1 (85) Slipak,S (2452)-Lorenzini,M (2488) Saenz Pena 2014}) 15... Nxf5 16. Nc5 Rae8 {Black wants to play ...Nxd4!} 17. h3 Nc4 18. Qc1 Ncd6 19. b3 Qd8 20. Qa3 Re7 21. Nd3 a6 22. Qc1 Rfe8 23. Ne5 f6 24. Nd3 Nf7 25. Na4 N5d6 26. Nac5 Ne4 27. Qc2 Kg7 28. Rd1 Nfd6 29. Nf4 Nf5 30. Rfe1 Qb8 31. Nfd3 Ng5 32. Qd2 Nh4 33. Qe2 h5 34. Na4 Nf7 (34... Qc8 $5 {[%cal Rh4g2]} 35. Qf1 Nf5 $11) 35. g3 $2 {[%mdl 8192] [#]} (35. Nac5 $11) 35... Rxe3 $3 $19 {[%mdl 512]} 36. fxe3 $2 (36. Qxe3 Rxe3 37. Rxe3) 36... Qxg3+ 37. Kh1 {next Nf4 is good for White.} Qxh3+ 38. Qh2 Qf3+ 39. Kg1 Ng5 $2 (39... Re4 $19 {( -> ...Rg4+)} 40. Nf2 Ng5 41. Qc7+ Kg8 42. Qb8+ Kf7 43. Qc7+ Re7) 40. Nf2 $2 {[%mdl 8192] [#]} (40. Qxh4 $11 {and White stays safe.} Qxd1 41. Rxd1 Nf3+ 42. Kf2 Nxh4 43. Ndc5) 40... Qxd1 $4 {[%mdl 8192]} ({Less strong is} 40... Nf5 41. Rd3 $17) (40... Re4 $1 $19 {[%mdl 512]} 41. Qh1 {[#]} (41. Nxe4 Nh3+) 41... Rg4+ $1 {[%mdl 512]} 42. Nxg4 Qxg4+ 43. Kf1 Ne4) 41. Rxd1 $4 {[%mdl 8192]} (41. Qc7+ $18 {is the narrow road to win.} Kh6 42. Nxd1) 41... Nhf3+ 42. Kh1 Nxh2 43. Kxh2 Rxe3 44. Nc5 Re2 45. Kg1 b6 $2 (45... Rxa2 $19 {Hoping for ...b5.} 46. Nxb7 Ne6) 46. Nxa6 $15 Rxa2 47. Nb4 Rb2 (47... Rd2 $5 48. Rxd2 Nf3+ 49. Kg2 Nxd2 $15) 48. Rd3 ({White should play} 48. Nxc6 $15 Rxb3 49. Ne7) 48... Ne4 49. Nd1 c5 $4 {[%mdl 8192]} (49... Rb1 $19 {avoids the disaster. aiming for ...g5.} 50. Nxc6 Kf7) 50. Nxd5 $2 (50. dxc5 $18 Rb1 51. cxb6) 50... cxd4 $2 {[%mdl 8192]} (50... Rb1 $11) 51. Rxd4 $2 (51. Nxb2 $18 b5 52. Rxd4) 51... Nd2 $2 {[%mdl 8192]} (51... Re2 $11 {and Black has nothing to worry.}) 52. Rd3 $18 Nxb3 $2 (52... Ra2 53. Nb4 (53. Nxb6 Ne4 $14) 53... Ra3) 53. Nxb6 $2 (53. Nxb2 $18 Nc5 54. Rd4) 53... Rd2 $11 54. Nf2 Rxd3 55. Nxd3 Nd4 56. Nd5 g5 57. Kf2 Nf5 {[%mdl 1024] Black has compensation.} 58. Nc5 {The position is equal.} Nd6 59. Nd3 f5 60. Ne5 h4 61. Kg2 g4 62. Nxg4 fxg4 63. Ne3 g3 64. Kh3 Kf6 65. Kxh4 Nf5+ 66. Kh3 Nxe3 {Precision: White = 34%, Black = 32%.} 1/2-1/2

[Event "Maria Albulet Memorial 2018"]
[Site "Braila"]
[Date "2018.11.04"]
[Round "3"]
[White "Otetea, Ioana"]
[Black "Bucur, Denisa-Andreea"]
[Result "0-1"]
[WhiteElo "1602"]
[BlackElo "2012"]
[Annotator "NA RC"]
[PlyCount "86"]
[EventDate "2018.11.03"]
[EventType "swiss"]
[EventCountry "ROU"]
[SourceTitle "playchess.com"]
[Source "ChessBase"]
[SourceQuality "1"]
[TimeControl "40/5400+30:900+30"]

1. e4 {[%emt 0:00:00]} c5 {[%emt 0:00:00]} 2. Nf3 {[%emt 0:00:03]} e6 {[%emt 0:00:00]} 3. d4 cxd4 {[%emt 0:00:00]} 4. Nxd4 {[%emt 0:00:00]} a6 {[%emt 0:00:00]} 5. Nc3 {[%emt 0:00:01]} Qc7 {[%emt 0:00:07]} 6. g3 {[%emt 0:00:30]} Nf6 {[%emt 0:00:22]} 7. Bg2 {[%emt 0:00:10]} d6 {[%emt 0:00:10]} 8. a4 {[%emt 0:00:23]} Nc6 9. O-O {[%emt 0:00:21]} Be7 {[%emt 0:01:16]} 10. Kh1 {[%emt 0:00:43]} O-O {[%emt 0:00:27]} 11. f4 {[%emt 0:00:33]} Rb8 {[%emt 0:02:29]} 12. Bf3 {[%emt 0:09:20]} Re8 {[%emt 0:03:31]} 13. g4 {[%emt 0:07:26]} Nd7 {[%emt 0:04:47]} 14. g5 {[%emt 0:05:36]} Bf8 {[%emt 0:06:02]} 15. f5 {[%emt 0:04:39]} Nxd4 {[%emt 0:03:05]} 16. Qxd4 {[%emt 0:00:42]} Ne5 {[%emt 0:00:11]} 17. f6 {[%emt 0:04:06]} Nxf3 {[%emt 0:07:49]} 18. Rxf3 {[%emt 0:00:14]} g6 {[%emt 0:00:39]} 19. Qf2 {[%emt 0:03:19]} b5 {[%emt 0:01:17]} 20. Qh4 {[%emt 0:13:31]} b4 {[%emt 0:00:58]} 21. Rh3 {[%emt 0:11:30]} h5 {[%emt 0:00:11]} 22. gxh6 {[%emt 0:04:03]} Kh7 {[%emt 0:05:01]} 23. Ne2 {[%emt 0:08:26]} Qxc2 {[%emt 0:00:50]} 24. Ng1 {[%emt 0:01:29]} Bb7 {[%emt 0:00:36]} 25. Re3 {[%emt 0:00:21]} Rbc8 {[%emt 0:06:53]} 26. Re2 {[%emt 0:04:57]} Qd3 {[%emt 0:04:10]} 27. Re3 {[%emt 0:03:04]} Qd4 {[%emt 0:00:50]} 28. Nh3 {[%emt 0:05:16]} Kh8 {[%emt 0:07:54]} 29. Re1 {[%emt 0:04:20]} d5 {[%emt 0:03:08]} 30. Be3 {[%emt 0:06:52]} Qxb2 {[%emt 0:03:40]} 31. Ng5 {[%emt 0:01:23]} Rc7 {[%emt 0:00:26]} 32. Bb6 {[%emt 0:01:18]} Rd7 {[%emt 0:00:53]} 33. Rab1 {[%emt 0:00:36]} Qc2 {[%emt 0:01:10]} 34. Qg4 {[%emt 0:01:05]} dxe4 {[%emt 0:01:11]} 35. Nxe4 {[%emt 0:00:35]} Rc8 {[%emt 0:04:18]} 36. Kg1 {[%emt 0:00:31]} Rc4 {[%emt 0:03:41]} 37. Rbc1 {[%emt 0:00:33]} Qd3 {[%emt 0:00:11]} 38. Rxc4 {[%emt 0:00:17]} Qxc4 {[%emt 0:00:03]} 39. Bf2 {[%emt 0:00:39]} b3 {[%emt 0:00:56]} 40. Qe2 {[%emt 0:00:00]} Qxe4 {[%emt 0:00:00]} 41. Qxe4 {[%emt 0:00:46]} Bxe4 {[%emt 0:00:51]} 42. Rxe4 {[%emt 0:00:11]} Rd1+ {[%emt 0:00:16]} 43. Kg2 {[%emt 0:01:01]} b2 {[%emt 0:00:09]} 0-1